Tilastot visalle Niilin valuma-alueen maat kartalla

Klikkaa tästä pelataksesi tätä visaa!

Yleistilastot

  • Tätä visaa on pelattu 133 kertaa
  • Keskiarvotulos 10 / 11

Vastaukset kartalla

Vastauksille on annettu kartalla punavihreä väri sen mukaan, kuinka moni on saanut sen oikein.
Ladataan ...
 

Vastaustilastot

Valtio % Correct
Egypti
96%
Kenia
94%
Sudan
94%
Etiopia
93%
Eritrea
90%
Etelä-Sudan
90%
Kongon demokraattinen
tasavalta
86%
Tansania
85%
Uganda
82%
Ruanda
81%
Burundi
78%

Tulosjakauma

Persentiili vastausten määrän mukaan

Jokaisen tuloksen saaneiden osuus

Tuloshistoriasi

Et ole pelannut tätä visaa